000 00631nam a2200169Ia 4500
008 090711s9999 xx 000 0 und d
082 _b63995
100 _aजायस्वाल जयनारायण
245 _aमधुमेह आणि निसर्गोपSाार
260 _c1980
300 _a40
600 _aजायस्वाल जयनारायण
630 _aमधुमेह आणि निसर्गोपSाार
700 _aजायस्वाल जयनारायण
730 _aमधुमेह आणि निसर्गोपSाार
942 _cBOOK
999 _c312035
_d312035